Shakespeare's Sonnet 9 Quiz Stats

 Plays Quiz not verified by Sporcle

Also try: Novel Marriages
Challenge
Share
Tweet
Embed
Score 0/117 Timer 10:00
0 Plays Today
% Correct
a
90.1%
a
90.1%
in
83.2%
in
83.2%
in
83.2%
in
83.2%
in
83.2%
The
81.9%
The
81.9%
the
81.9%
the
81.9%
the
81.9%
the
81.9%
for
81%
That
81%
That
81%
for
81%
that
81%
That
81%
it
80.6%
it;
80.6%
it.
80.6%
to
78%
to
78%
Is
77.6%
an
76.7%
an
76.7%
thou
74.6%
thou
74.6%
thou
74.6%
and
73.3%
And
73.3%
thy
72%
be
71.6%
eye
70.7%
if
69.4%
fear
69%
widow's
68.5%
world
68.5%
% Correct
world
68.5%
widow
68.5%
no
68.5%
widow
68.5%
world
68.5%
world
68.5%
world
68.5%
No
68.5%
wet
68.1%
will
68.1%
will
68.1%
life?
67.7%
thee
67.2%
thee
67.2%
single
64.7%
of
64.7%
die,
63.4%
hap
62.5%
shalt
62.1%
issueless
61.6%
like
61.6%
thyself
60.8%
Ah,
60.8%
consum'st
59.9%
wail
59.9%
wife;
59.5%
still
58.2%
still
58.2%
makeless
57.8%
weep
57.3%
hast
57.3%
left
54.7%
behind,
54.3%
form
53.9%
When
51.7%
every
48.3%
private
47.4%
eyes
44%
her
44%
% Correct
may
43.5%
what
42.2%
keep
41.8%
children's
39.7%
husband's
39.2%
well
38.8%
By
37.9%
mind.
36.6%
shape
36.2%
doth
36.2%
unthrift
35.3%
but
35.3%
But
35.3%
Look
34.9%
spend,
33.2%
beauty's
32.3%
on
30.2%
his
29.7%
hath
28.4%
love
28%
enjoys
26.3%
place,
25%
Shifts
24.6%
end,
24.1%
waste
23.3%
so
22%
sits
20.3%
murd'rous
20.3%
commits.
18.5%
shame
18.1%
bosom
17.7%
such
17.7%
others
15.9%
user
15.1%
unused,
14.7%
destroys
14.2%
himself
14.2%
kept
13.8%
toward
13.8%

You're not logged in!

Compare scores with friends on all Sporcle quizzes.
OR
Log In

You Might Also Like...

Show Comments

Extras

Top Quizzes Today


Score Distribution

Your Account Isn't Verified!

In order to create a playlist on Sporcle, you need to verify the email address you used during registration. Go to your Sporcle Settings to finish the process.

Report this User

Report this user for behavior that violates our Community Guidelines.

Details: